| 000 | 00946cam a2200241 4500 | ||
|---|---|---|---|
| 001 | ABS63984 | ||
| 008 | 000000n2001 000 0 eng u | ||
| 035 | _a(Sirsi) u112774 | ||
| 100 | _aCrosby, N | ||
| 245 | 2 | _aA crisis situation it is not | |
| 260 | _c2001 | ||
| 490 |
_aEstates Gazette _v(0118) 5 May 2001, 163(1) |
||
| 520 | _aDiscusses the provision of real estate education in the UK, and highlights conflicting views from previous EG articles (EG 7 April 2001, p60 and p138). Outlines the property course content at the University of Reading and other universities, which have adapted to reflect the importance of real estate finance and investment. | ||
| 590 | _aABS | ||
| 650 | _aFINANCE | ||
| 650 | _aINVESTMENT | ||
| 650 | _aRICS ACCREDITED COURSES | ||
| 650 | _aCAREERS, EDUCATION AND TRAINING | ||
| 650 | _aREAL ESTATE | ||
| 650 | _aUNIVERSITY OF READING | ||
| 690 | _aCAREERS, EDUCATION AND TRAINING | ||
| 942 | _n0 | ||
| 999 |
_c67145 _d67145 |
||